000 00706nam a2200289Ia 4500
005 20260324111446.0
008 008 260324s9999 xx 000 0 eng d
020 _a9781003496557
037 _aEBOOK
040 _aCRL
040 _beng
040 _cCRL
041 _2eng
041 _aeng
084 _qCRL
100 _aKathy B. Hoppe; Michelle K. Taylor
_91138650
245 0 _aTrauma and Crisis Counseling
245 3 _bAn Overview for Emerging Professionals
260 _bTaylor and Francis
260 _c2025
365 _a
365 _b205
856 _uhttp://www.taylorfrancis.com/books/9781003496557
942 _cEBOOK
999 _c1727482
_d1727482